000
00205 a2200097 4500
001
3806
100
_a
Sparks, N.R
245
_a
Mechanical refrigeration
260
_a
_b
Mcgrawhill
_c
090
_c
3039
_d
3039
942
_a
NUST-CAE
_c
M
_c
22658
999
_c
238879
_d
238879